| 000 | 00870nab a2200253 4500 | ||
|---|---|---|---|
| 003 | BR-BrBNA | ||
| 005 | 20240814123332.0 | ||
| 008 | 240702b bl.||||| |||| 00| 0 por d | ||
| 040 |
_aBR-BrBNA _bpor |
||
| 072 | _aN20 ; Q02 ; Q52 | ||
| 110 | _aTerranova Gráfica e Editora Jornalística Ltda., Palmas, TO (Brasil) | ||
| 245 |
_aFarinhada móvel _bAgrofamiliar |
||
| 500 | _a2 illus. | ||
| 650 | _aMANDIOCA | ||
| 650 | _aFÁBRICA | ||
| 650 | _aMÓVEL | ||
| 650 | _aIMPLEMENTO AGRÍCOLA | ||
| 650 | _aPROCESSAMENTO | ||
| 650 | _aFARINHA DE MANDIOCA | ||
| 650 | _aAGRICULTURA FAMILIAR | ||
| 773 | 0 |
_04604 _9317196 _dPalmas - Tocantins Terranova Gráfica e Editora Jornalística Ltda 2005 _o2024-3820 _tCerrado Rural Agronegócios (Brazil) _x1980-2595 _gv. 4(25) p. 38-39; (Apr 2007) _wBR2024001906 |
|
| 942 | _cAnalítica | ||
| 999 |
_c300366 _d300366 |
||